| 000 | 00682nam a22001817a 4500 | ||
|---|---|---|---|
| 999 |
_c196659 _d196659 |
||
| 005 | 20230720110553.0 | ||
| 010 | _aUR-12092 | ||
| 020 |
_a9788195177943 _c400.00 |
||
| 035 | _aU-10647 | ||
| 037 | _bDBAD/PUB | ||
| 082 | _a841 | ||
| 245 |
_aملفو ظات قطب الا قطاب / _cقا ضی محمد مودود جون پوری |
||
| 246 |
_aMalfuzat-e-Qutub-al-Aqtab / _bcompiled by Qazi Mohammad Maudood Jaunpuri |
||
| 260 |
_aNew Delhi _bShah Abdul Aleem Aasi Foundation _c2022 ء |
||
| 270 |
_aSamar Apartment, R-197/4th Floor, Jogabai Exn., Jamia Nagar, Okhla _bNew Delhi _e110025 |
||
| 300 |
_a280 ص _c22cm(Hb) |
||
| 942 |
_2ddc _cUR _mم ل ف _e _h841 |
||